000 00537nam a2200097Ia 4500
008 170517s9999 xx 000 0 und d
245 4 _aThe Money Masters
300 _aThe Money Masters is a 3 1/2 hour non-fiction, historical documentary that traces the origins of the political power structure that rules our nation and the world today. The modern political power structure has its roots in the hidden manipulation and accumulation of...
650 _xBusiness and Economics.
856 _uhttp://topdocumentaryfilms.com/the-money-masters/
999 _c333318
_d333318